| 000 | 00460nam a2200133Ia 4500 | ||
|---|---|---|---|
| 008 | 170224s9999 xx 000 0 und d | ||
| 100 | _aGregory D. Larosiliere | ||
| 245 | _aUsing a Fit-Viability Approach to Explore the Determinants of E-Government Maturity | ||
| 245 | _cGregory D. Larosiliere & Lemuria D. Carter | ||
| 260 | _bJournal of Computer Information Systems | ||
| 260 | _c2016 | ||
| 300 | _a56:, Pages: 271-279 | ||
| 650 | _xInformation Technology | ||
| 999 |
_c315896 _d315896 |
||